000 00653nam a2200217Ii 4500
003 JO-AjNU
008 230605s9999||||xx |||||||||||||| ||und||
017 _a2003/8702
040 _aJO-AjNU
_bara
_erda
_cJO-AjNU
041 _aara
050 1 4 _aAG196 2003
100 3 _aإعداد: سليمان، صبحي,
_eauthor
_919142
245 0 0 _aألف وخمسمائة معلومة إسلامية
250 _aط1
264 3 1 _aالقاهرة: مكتبة الصفا، 2003
300 _a143ص
336 _atext
_btxt
_2rdacontent
337 _aunmediated
_bn
_2rdamedia
338 _avolume
_bnc
_2rdacarrier
650 4 _aمعلومات عامة
_919143
999 _aA6256
_c9824
_d9824